Money by Lisa all lyrics - Statistics

General Stats
  • This quiz has been taken 19 times
  • The average score is 291 of 352
Answer Stats
Hint Answer % Correct
a
100%
do
100%
i
100%
it
100%
Verse 1 its
100%
me
100%
money
100%
my
100%
of
100%
on
100%
that
100%
the
100%
and
93%
as
93%
check
93%
dance
93%
drop
93%
feels
93%
for
93%
like
93%
so
93%
some
93%
spend
93%
to
93%
way
93%
when
93%
yeah
93%
account
86%
all
86%
bills
86%
Pre-Chorus dolla
86%
droppin
86%
end
86%
Verse 2 everyone
86%
fallin
86%
love
86%
month
86%
this
86%
tonight
86%
weekend
86%
ass
79%
autograph
79%
bank
79%
everything
79%
go
79%
hell
79%
how
79%
leave
79%
listen
79%
myself
79%
number
79%
shit
79%
talk
79%
thats
79%
want
79%
what
79%
bitch
71%
keep
71%
mean
71%
say
71%
sign
71%
silent
71%
ya
71%
you
71%
yummy
71%
buy
64%
green
64%
ima
64%
made
64%
never
64%
pour
64%
see
64%
things
64%
twerkin
64%
came
57%
here
57%
just
57%
pourin
57%
says
57%
watch
57%
bounced
50%
dollars
50%
gettin
50%
gimme
50%
makin
50%
tip
50%
bands
43%
bread
43%
choose
43%
dollas
43%
hundred
43%
know
43%
moves
43%
they
43%
yikes
43%
store
36%
wons
36%
yens
36%
be
29%
rules
29%
shoes
29%
celine
21%
walkin
21%
hundres
0%
No matching quizzes found
Score Distribution
Percent of People with Each Score
Percentile by Number Answered
Your Score History
You have not taken this quiz